000
00277nam a22001217a 4500
008
181020b xxu||||| |||| 00| 0 eng d
041
_a
eng
080
_a
781
100
_a
45
101
_a
MUZ
245
_a
Folk Music and the American Left
_c
Denisoff, R.S
942
_2
udc
_c
BK
999
_c
50328
_d
50328